Normal view MARC view

Entry Personal Name

Number of records used in: 1

001 - CONTROL NUMBER

  • control field: 9204

003 - CONTROL NUMBER IDENTIFIER

  • control field: DLC

005 - DATE AND TIME OF LATEST TRANSACTION

  • control field: 20221101114831.0

008 - FIXED-LENGTH DATA ELEMENTS

  • fixed length control field: 830519n| azannaab |a aaa

010 ## - LIBRARY OF CONGRESS CONTROL NUMBER

  • LC control number: n 83208218

040 ## - CATALOGING SOURCE

  • Original cataloging agency: DLC
  • Language of cataloging: eng
  • Description conventions: rda
  • Transcribing agency: DLC
  • Modifying agency: DLC

100 1# - HEADING--PERSONAL NAME

  • Personal name: Baumgardner, Steve R.

400 10 - SEE FROM TRACING--PERSONAL NAME

  • Personal name: Baumgardner, Steven

670 ## - SOURCE DATA FOUND

  • Source citation: Cvetkovich, G. Social psychology, 1983 (a.e.)
  • Information found: CIP t.p. (Steven Baumgardner, Univ. of Wis., Eau Claire) bk. t.p. (Steve R. Baumgardner)

Powered by Koha